| 000 | 00480nam a2200169Ia 4500 | ||
|---|---|---|---|
| 003 | OSt | ||
| 005 | 20200929135925.0 | ||
| 008 | 190216s9999||||xx |||||||||||||| ||und|| | ||
| 040 | _coclc | ||
| 082 |
_a591 _bSED/S |
||
| 100 |
_aSedgwick, Adam _95153 |
||
| 245 | 0 |
_aA Student`s Text Book Of Zoology / _cAdam Sedgwick |
|
| 260 |
_bCentral Book Depot, _c1908. _aAllahabad: |
||
| 300 | _a905p | ||
| 650 | _aZoology | ||
| 942 |
_cBK _2ddc _h591 _iSED/S _k591 _mSED/S |
||
| 999 |
_c37320 _d37320 |
||